Groupe Coupe du Monde des Clubs 2025 - Statistiques

Statistiques générales
  • Ce quiz a été pris 143 fois
    74 depuis la dernière actualisation
  • Le résultat moyen est 18 sur 32
Statistiques - réponses
Groupe Pays Clubs % Correct
B France Paris Saint-Germain
91%
A États-Unis Inter Miami
89%
C Allemagne Bayern Munich
85%
C Portugal Benfica
85%
A Portugal Porto
85%
B Espagne Atletico Madrid
76%
B Brésil Botafogo
75%
H Espagne Real Madrid
75%
C Argentine Boca Junior
73%
E Italie Inter Milan
73%
G Italie Juventus
73%
G Angleterre Manchester City
73%
D Angleterre Chelsea
69%
F Allemagne Borussia Dortmund
65%
E Argentine River Plate
60%
H Arabie Saoudite Al Hilal
58%
D États-Unis Los Angeles FC
56%
A Brésil Palmeiras
56%
D Brésil Flamengo
55%
H Autriche Salzburg
55%
A Égypte Al Ahly
49%
D Tunisie ES Tunis
38%
E Mexique Monterray
36%
B États-Unis Seattle Sounders
36%
H Mexique Pachuca
33%
F Brésil Fluminense
29%
G Émirats arabes unis Al Ain
27%
C Nouvelle Zélande Auckland City FC
27%
G Maroc Wydad AC
18%
F Afrique du Sud Mamelodi Sundowns
11%
E Japon Urawa Reds
11%
F Corée du Sud Ulsan HD
9%
Aucun quiz correspondant
Distribution des résultats
% des personnes avec chaque résultat
Percentile par nombre de réponses
Votre historique - résultats
Vous n’avez pas pris ce quiz depuis la dernière actualisation